000 00910nac a2200265 i 4500
003 EG-GICUC
005 20260121101151.0
008 251106b1983 au ||||fr|||| 00| 0 eng d
040 _a EG-GICUC
_beng
_c EG-GICUC
_d EG-GICUC
_erda
082 0 4 _221
_a346.62066
092 0 4 _221
099 _aLaw 07 1983
245 0 0 _aPromulgating public sector organizations and companies :
_bAs amanded by law no. 109/87.
246 3 _aLaw no. 97/1983.
264 _aCairo :
_bThe middle East library for Economic Serervices,
_c1983.
300 _a41 page ;
_c30 cm.
336 _2rda content
_atext
337 _2rda media
_aComputer
338 _2rda carrier
_aOnline Resource
650 1 0 _aPublic enterprises
_xLaw and legislation
650 1 0 _aGovernment business enterprises
_xLaw and legislation
856 4 0 _uhttps://fll.law.cu.edu.eg/fulltext/bks/ENGB07-00056.pdf
905 _a10
942 _2ddc
_cBK
_e21
_n0
999 _c41422
_d41422